000 00437nam a2200181Ia 4500
001 16909
005 20260306170346.0
008 260306t2013||||xx |||||||||||||| ||und||
041 _aESP
082 _a657.3
_bF81 2013
100 _aFranco Concha, Pedro
_eAUT
245 0 _aEvaluación de estados financieros
260 _c2013
300 _a274 pƔginas :
_c23 cm.
650 _aGEN
654 _aCCO
942 _cLIB
_dJUS
_fJUS
_2ddc
_n
999 _c16909
_d16909